000 01070nam a2200241Ia 4500
003 Ost
005 20260507075351.0
008 260507s9999||||xx |||||||||||||| ||und||
020 _a2754499579
040 _cfsecg
041 _aara
082 _a330
100 _aبوكميش، لعلى
_eمؤلف
245 0 _aمدخل إلى تنمية الموارد البشرية :
_bدراسة الواقع في الدول العربية /
_c لعلى بوكميش
260 _aعمان:
_bدار الراية للنشر والتوزيع,
_c2011
300 _a130 صفحة؛
_bإيضاحات ؛
_c24 سم
520 _aماهية تنمية الموارد البشرية- علاقة تنمية الموارد البشرية بمفاهيم التنمية- تحديات وأليات تنمية الموارد- واقع تنمية الموارد البشرية في العالم العربي
653 _aإدارة الأفراد
653 _aالتنمية
653 _aالتنمية البشرية
653 _aالموارد البشرية
942 _cكتاب
999 _c44134
_d44134